00628nam a22001697a 4500003000500000005001700005008004100022020001800063050003100081100002200112245004200134250001600176260004000192300002300232500014200255650006100397SISC20180131110131.0180130b xxu||||| |||| 00| 0 eng d a9789715084765 aPL 6165.4 .E947b.A55 2017 aEvasco, Eugene Y. aAnina ng mga alon /cEugene Y. Evasco a3rd edition aQuezon City:bAdarna House,cc2002. a114 pages;c20 cm. aGrand Prize, Pilar Perez Medallion for Young Adult Literature National Book Awards 2002 Jointly published with Filipinas Heritage Library 2Library of Congress Subject HeadingsaPhilippine fiction